000
00311nam a22001337a 4500
008
171103b xxu||||| |||| 00| 0 eng d
020
_a
9781412914765
041
_a
eng
080
_2
2ND
_a
339.138
100
_a
60
101
_a
MAR
245
_a
GLOBAL MARKETING AND ADVERTISING
_c
MOOIJ,M,D
942
_2
udc
_c
BK
999
_c
37510
_d
37510